[Event "Keres Mem Rapid"]
[Site "Tallinn EST"]
[Date "2001.01.06"]
[Round "1"]
[White "Rustemov, A."]
[Black "Gavrikov, Vi"]
[Result "1/2-1/2"]
[WhiteElo "2534"]
[BlackElo "2549"]
[PlyCount "81"]
[EventDate "2001.01.06"]

1. Nf3 Nf6 2. c4 b6 3. Nc3 Bb7 4. d4 e6 5. a3 d5 6. Bg5 Be7 7. Bxf6 Bxf6 8.
cxd5 exd5 9. Qa4+ c6 10. g3 O-O 11. Rd1 Na6 12. Bg2 Nc7 13. O-O Re8 14. e3 g6
15. Rd2 Re7 16. Rfd1 Qe8 17. h4 Bc8 18. Ne5 Bxe5 19. dxe5 Rxe5 20. e4 Bb7 21.
exd5 cxd5 22. Qf4 Rd8 23. Ne4 Qe7 24. Nf6+ Kg7 25. Ng4 Re6 26. h5 Ne8 27. h6+
Kg8 28. Ne3 Qf6 29. Qxf6 Nxf6 30. Nxd5 Bxd5 31. Bxd5 Nxd5 32. Rxd5 Rde8 33. Rc1
Kf8 34. Kg2 g5 35. Rxg5 Rxh6 36. Rf5 Rd6 37. Rc3 a6 38. b4 b5 39. Rcf3 Re7 40.
Rf6 Red7 41. Rxd6 1/2-1/2

[Event "Keres Mem Rapid"]
[Site "Tallinn EST"]
[Date "2001.01.06"]
[Round "2"]
[White "Miezis, N."]
[Black "Rustemov, A."]
[Result "1-0"]
[WhiteElo "2518"]
[BlackElo "2534"]
[PlyCount "71"]
[EventDate "2001.01.06"]

1. c4 g6 2. Nc3 Bg7 3. g3 f5 4. Bg2 Nf6 5. d3 d6 6. e4 Nc6 7. Nge2 O-O 8. O-O
e5 9. Nd5 Be6 10. Bg5 Qd7 11. Qd2 Rf7 12. Rae1 Raf8 13. f4 fxe4 14. dxe4 Ne8
15. b3 Bg4 16. Nec3 exf4 17. gxf4 Nd4 18. Kh1 Ne6 19. f5 Nxg5 20. Qxg5 Bh5 21.
Bh3 c6 22. Kg2 cxd5 23. Nxd5 h6 24. Qh4 Qc6 25. fxg6 Bxg6 26. Rxf7 Rxf7 27. Be6
Kh7 28. Bxf7 Bxf7 29. Qe7 Bg6 30. Nf4 Nf6 31. Ne6 Bxe4+ 32. Kg1 Nh5 33. Rxe4
Qb6+ 34. c5 dxc5 35. Rg4 c4+ 36. Kf1 1-0

[Event "Keres Mem Rapid"]
[Site "Tallinn EST"]
[Date "2001.01.07"]
[Round "4"]
[White "Gavrikov, Vi"]
[Black "Sepp, O."]
[Result "0-1"]
[WhiteElo "2549"]
[BlackElo "2439"]
[PlyCount "47"]
[EventDate "2001.01.06"]

1. g3 g6 2. Bg2 Bg7 3. e4 Nf6 4. Ne2 d6 5. d4 O-O 6. O-O e5 7. h3 exd4 8. Nxd4
Re8 9. Nc3 Nc6 10. Be3 Bd7 11. Re1 a6 12. Kh2 Nxd4 13. Bxd4 c5 14. Be3 Bc6 15.
Qd3 Qb6 16. Rab1 Rad8 17. b4 Qc7 18. bxc5 dxc5 19. Qc4 Nd7 20. Nd5 Qa5 21. Bg5
Bxd5 22. Bxd8 Qxe1 23. Rxe1 Bxc4 24. Bc7 0-1

[Event "Keres Mem Rapid"]
[Site "Tallinn EST"]
[Date "2001.01.07"]
[Round "5"]
[White "Sepp, O."]
[Black "Miezis, N."]
[Result "1-0"]
[WhiteElo "2439"]
[BlackElo "2518"]
[PlyCount "59"]
[EventDate "2001.01.06"]

1. e4 c5 2. d3 Nc6 3. g3 g6 4. Bg2 Bg7 5. f4 d6 6. c3 e5 7. Nf3 h5 8. h3 Nge7
9. O-O f6 10. Be3 Be6 11. d4 cxd4 12. cxd4 exf4 13. Bxf4 d5 14. e5 O-O 15. Nc3
Qd7 16. Kh2 Nf5 17. exf6 Bxf6 18. Ne5 Bxe5 19. dxe5 Rad8 20. Qd2 Qg7 21. Rae1
d4 22. Ne4 Bc4 23. Nf6+ Kh8 24. Rf2 Bxa2 25. Be4 Ne3 26. Rxe3 dxe3 27. Qxe3 Qf7
28. Bh6 Nxe5 29. Bxf8 Rxf8 30. Qh6+ 1-0

[Event "Keres Mem Rapid"]
[Site "Tallinn EST"]
[Date "2001.01.07"]
[Round "6"]
[White "Rustemov, A."]
[Black "Sepp, O."]
[Result "1-0"]
[WhiteElo "2534"]
[BlackElo "2439"]
[PlyCount "51"]
[EventDate "2001.01.06"]

1. d4 Nf6 2. Nf3 g6 3. g3 Bg7 4. Bg2 c5 5. c4 cxd4 6. Nxd4 Nc6 7. Nc3 O-O 8.
O-O Ng4 9. e3 Nge5 10. b3 Nxd4 11. exd4 Nc6 12. Be3 d6 13. Qd2 Bd7 14. h3 Rc8
15. Rfe1 Re8 16. d5 Nb4 17. Ne4 a5 18. Rac1 Na6 19. Bh6 Bh8 20. Qf4 Nc5 21.
Nxc5 Rxc5 22. a4 Rc8 23. Re3 Qb6 24. Rce1 Be5 25. Qh4 e6 26. Rxe5 1-0

[Event "Keres Mem Rapid"]
[Site "Tallinn EST"]
[Date "2001.01.07"]
[Round "7"]
[White "Gavrikov, Vi"]
[Black "Miezis, N."]
[Result "1-0"]
[WhiteElo "2549"]
[BlackElo "2518"]
[PlyCount "139"]
[EventDate "2001.01.06"]

1. d4 Nf6 2. Nf3 e6 3. g3 b5 4. Bg2 Bb7 5. O-O c5 6. c3 Qb6 7. Bg5 Na6 8. Nbd2
cxd4 9. Bxf6 gxf6 10. cxd4 f5 11. e3 Be7 12. Ne5 h5 13. Bxb7 Qxb7 14. Qf3 Qxf3
15. Ndxf3 h4 16. Rfc1 hxg3 17. fxg3 Bd6 18. a4 b4 19. Rc4 Nc7 20. Rac1 Nd5 21.
Rc8+ Ke7 22. Rxa8 Rxa8 23. Kf2 Rh8 24. b3 Nc3 25. Nc4 Bc7 26. Nb2 f6 27. Nd3
Bd6 28. Nh4 Kf7 29. Ke1 Nd5 30. Kd2 f4 31. exf4 Nxf4 32. Nc5 Ke7 33. Nb7 Bb8
34. Rc4 Kf7 35. Rxb4 Nd5 36. Rc4 f5 37. Nc5 Nf6 38. Nf3 Ke7 39. Rb4 Bd6 40. Kd3
Ne4 41. Rc4 a5 42. Nxe4 fxe4+ 43. Kxe4 Bxg3 44. Rc5 Bxh2 45. Rxa5 Bg3 46. Rb5
Rc8 47. Kd3 Rf8 48. Ne5 Rf1 49. a5 Rd1+ 50. Ke3 Bh2 51. Nf3 Bd6 52. Ne5 Re1+
53. Kd2 Ra1 54. Nc4 Bc7 55. b4 Kd8 56. d5 exd5 57. Rxd5 Kc8 58. Kc3 Rc1+ 59.
Kb3 Rb1+ 60. Ka4 Ra1+ 61. Kb5 Rb1 62. a6 Ra1 63. Nb6+ Kb8 64. Nxd7+ Ka7 65. Nc5
Bb8 66. Rd7+ Ka8 67. Na4 Ba7 68. Rd8+ Bb8 69. Nb6+ Ka7 70. Rd7+ 1-0

[Event "Keres memorial (w)"]
[Site "Tallinn"]
[Date "2001.01.06"]
[Round "1"]
[White "Tsiganova, Monika"]
[Black "Paernpuu, Leili"]
[Result "1-0"]
[WhiteElo "2225"]
[BlackElo "2227"]
[PlyCount "69"]
[EventDate "2001.01.06"]

1. d4 Nf6 2. c4 e6 3. Nf3 b6 4. g3 Ba6 5. b3 d5 6. Bg2 Bb7 7. O-O Bd6 8. Bb2
O-O 9. Nc3 Nbd7 10. Qc2 c5 11. cxd5 exd5 12. dxc5 bxc5 13. e3 a6 14. Rfd1 Qe7
15. Nh4 Qe6 16. Nf5 Be5 17. Nxd5 Bxd5 18. Bxd5 Nxd5 19. Rxd5 g6 20. Rad1 Ra7
21. Nh6+ Kg7 22. Ng4 Qxg4 23. Bxe5+ Nxe5 24. Rxe5 Rc7 25. Rc1 Rfc8 26. Re4 Qd7
27. Rc4 a5 28. Qc3+ Kg8 29. Qxa5 Ra7 30. Qc3 Rxa2 31. Rxc5 Rxc5 32. Qxc5 Qd2
33. Qc8+ Kg7 34. Qc3+ Qxc3 35. Rxc3 1-0

[Event "Keres memorial (w)"]
[Site "Tallinn"]
[Date "2001.01.06"]
[Round "1"]
[White "Reizniece, Dana"]
[Black "Fomina, Tatjana"]
[Result "1-0"]
[WhiteElo "2275"]
[BlackElo "2266"]
[PlyCount "77"]
[EventDate "2001.01.06"]

1. c4 e6 2. Nf3 f5 3. g3 Nf6 4. Bg2 Be7 5. O-O O-O 6. d3 d6 7. Nc3 e5 8. b3 Nc6
9. Bb2 Qe8 10. Nd5 Bd8 11. Qd2 Ne7 12. Nxf6+ Rxf6 13. Rac1 f4 14. d4 Ng6 15.
dxe5 dxe5 16. Qd5+ Re6 17. Bh3 c6 18. Bxe6+ Bxe6 19. Qe4 Bf6 20. gxf4 Nxf4 21.
Bxe5 Bxe5 22. Nxe5 Nh3+ 23. Kh1 Ng5 24. Qh4 h6 25. Nf3 Nh7 26. Rg1 Qf7 27. Qxh6
Bf5 28. Ne5 Qe7 29. Rxg7+ Qxg7 30. Rg1 Qxg1+ 31. Kxg1 Rf8 32. f3 Rf6 33. Qh4
Kg7 34. Kf2 Re6 35. Qg3+ Kf6 36. Nd7+ Kf7 37. f4 Re7 38. Ne5+ Kf6 39. Qh4+ 1-0

[Event "Keres memorial (w)"]
[Site "Tallinn"]
[Date "2001.01.06"]
[Round "1"]
[White "Bashkite, Viktorija"]
[Black "Voronova, Tatjana"]
[Result "0-1"]
[WhiteElo "2052"]
[BlackElo "2278"]
[PlyCount "46"]
[EventDate "2001.01.06"]

1. Nf3 g6 2. d4 Bg7 3. c3 b6 4. g3 Bb7 5. Bg2 Nf6 6. O-O O-O 7. Nbd2 d6 8. Qc2
Nbd7 9. e4 e5 10. b3 Qe7 11. Re1 c5 12. dxe5 dxe5 13. c4 Nb8 14. Nf1 Nc6 15.
Bb2 Rfe8 16. a3 Bh6 17. Ne3 Bxe3 18. Rxe3 Nd4 19. Qb1 Ng4 20. Nxd4 Nxe3 21.
fxe3 exd4 22. exd4 Bxe4 23. Qf1 Bxg2 0-1

[Event "Keres memorial (w)"]
[Site "Tallinn"]
[Date "2001.01.06"]
[Round "2"]
[White "Paernpuu, Leili"]
[Black "Voronova, Tatjana"]
[Result "1/2-1/2"]
[WhiteElo "2227"]
[BlackElo "2278"]
[PlyCount "44"]
[EventDate "2001.01.06"]

1. Nf3 Nf6 2. d4 c5 3. d5 d6 4. Nc3 Qa5 5. Bd2 b5 6. a3 a6 7. Ne4 Qc7 8. Nxf6+
exf6 9. e4 g6 10. c4 Qe7 11. Qc2 Bf5 12. Bd3 bxc4 13. Qxc4 Bg7 14. O-O Bg4 15.
Ne1 O-O 16. Qc2 Bc8 17. f4 Nd7 18. Nf3 Re8 19. Rae1 Nb6 20. Ba5 Qa7 21. Kh1 Bd7
22. Qf2 Rac8 1/2-1/2

[Event "Keres memorial (w)"]
[Site "Tallinn"]
[Date "2001.01.06"]
[Round "2"]
[White "Budylina, Sofia"]
[Black "Bashkite, Viktorija"]
[Result "1/2-1/2"]
[WhiteElo "2076"]
[BlackElo "2052"]
[PlyCount "88"]
[EventDate "2001.01.06"]

1. e4 e6 2. d4 d5 3. exd5 exd5 4. Bd3 Nc6 5. Nf3 Nf6 6. O-O Be7 7. Nbd2 Bg4 8.
c3 O-O 9. Qc2 h6 10. h3 Be6 11. b3 Nh5 12. Bf5 Nf4 13. Re1 Qd7 14. Bh7+ Kh8 15.
Nf1 Bd6 16. Bxf4 Bxf4 17. Bd3 Ne7 18. Ne3 Ng6 19. Bxg6 fxg6 20. Nh4 Kg8 21.
Nxg6 Rf6 22. Nxf4 Rxf4 23. Re2 Raf8 24. Rae1 Qd8 25. Nf1 Bf5 26. Qd2 Be4 27.
Ng3 Qh4 28. Nxe4 dxe4 29. Qe3 Qh5 30. g3 Rf3 31. Qxe4 Qxh3 32. Qxb7 R3f5 33.
Qh1 Qg4 34. Qe4 Rf4 35. Qg2 Rf3 36. Re3 Rxf2 37. Qxf2 Rxf2 38. Kxf2 Qf5+ 39.
Kg2 h5 40. R1e2 Qg5 41. Re5 Qg4 42. R2e4 Qd1 43. Re2 Qd3 44. R5e3 Qg6 1/2-1/2

[Event "Keres memorial (w)"]
[Site "Tallinn"]
[Date "2001.01.06"]
[Round "2"]
[White "Fomina, Tatjana"]
[Black "Cmilyte, Viktorija"]
[Result "0-1"]
[WhiteElo "2266"]
[BlackElo "2335"]
[PlyCount "134"]
[EventDate "2001.01.06"]

1. d4 f5 2. Nc3 d5 3. Bg5 g6 4. h4 Bg7 5. h5 h6 6. Bf4 g5 7. Be5 Nf6 8. e3 c6
9. Bd3 Be6 10. Qf3 Qd7 11. Nge2 O-O 12. Qg3 Qe8 13. f4 g4 14. Qh4 Nbd7 15. Ng3
Ne4 16. Ncxe4 dxe4 17. Be2 Bf6 18. Qh2 Nxe5 19. dxe5 Bg7 20. Kf2 Qd8 21. Rhd1
Qb6 22. b3 Bxe5 23. fxe5 f4 24. Rd4 fxg3+ 25. Kxg3 Qc5 26. Kh4 Qc3 27. Qg1 c5
28. Rxe4 Qxc2 29. Rxg4+ Bxg4 30. Bxg4 Kh8 31. Rc1 Qe4 32. Rc4 Qxe5 33. Qe1 Qg5+
34. Kh3 Rg8 35. Qc3+ Rg7 36. b4 b5 37. Re4 c4 38. Qe5 Qxe5 39. Rxe5 Rag8 40.
Bf3 Rc8 41. Be4 Rg5 42. Rxe7 c3 43. Bc2 Rxh5+ 44. Kg4 Rg5+ 45. Kf3 Rd5 46. Rh7+
Kg8 47. Rxh6 Rd2 48. Bb3+ Kg7 49. Rh1 Rf8+ 50. Ke4 Re8+ 51. Kf3 Rf8+ 52. Ke4
Rxg2 53. Rc1 Rc8 54. Kf3 Rd2 55. e4 Kf6 56. Ke3 Rh2 57. Kd3 Ke5 58. Bd5 Rh3+
59. Kc2 Kd4 60. Rd1+ Ke3 61. Re1+ Kf2 62. Rd1 Re3 63. Rh1 Re2+ 64. Kb3 c2 65.
Rc1 Ke3 66. Bb7 Rc7 67. Ba6 Kd2 0-1

[Event "Keres memorial (w)"]
[Site "Tallinn"]
[Date "2001.01.06"]
[Round "2"]
[White "Tsiganova, Monika"]
[Black "Reizniece, Dana"]
[Result "0-1"]
[WhiteElo "2225"]
[BlackElo "2275"]
[PlyCount "132"]
[EventDate "2001.01.06"]

1. d4 Nf6 2. c4 g6 3. Nc3 Bg7 4. Nf3 O-O 5. Bf4 d6 6. h3 Nbd7 7. e3 c6 8. Be2
Qe8 9. O-O e5 10. Bh2 Qe7 11. Qc2 Ne8 12. Rfd1 f5 13. b4 g5 14. dxe5 dxe5 15.
c5 Kh8 16. Nd2 b6 17. cxb6 axb6 18. a3 Bb7 19. Nc4 Rd8 20. Rd2 Ba8 21. Rad1 Nc7
22. e4 fxe4 23. Bg4 Nd5 24. Nxe4 b5 25. Na5 N7f6 26. Ng3 Nxg4 27. hxg4 Qe6 28.
Nh5 Rde8 29. Nxg7 Kxg7 30. Nb3 Qxg4 31. Nc5 Re7 32. Re1 Rfe8 33. Rde2 Nf4 34.
Bxf4 gxf4 35. Re4 Qg6 36. Qc3 Qf6 37. Qh3 Bb7 38. Qg4+ Kh8 39. Nd7 Qd6 40. Nc5
Bc8 41. Qe2 Bf5 42. Qh5 Bxe4 43. Nxe4 Qg6 44. Qf3 Rd8 45. Nc5 Qf5 46. Qxc6 f3
47. Qxf3 Qxf3 48. gxf3 Ra8 49. Re3 Kg7 50. Kf1 Kf6 51. Ne4+ Kf5 52. Nd6+ Ke6
53. Nxb5 Rb7 54. Nd4+ Kd5 55. Nf5 Rba7 56. Rd3+ Kc4 57. Re3 Kd5 58. Kg2 Rxa3
59. Ne7+ Ke6 60. Rxa3 Rxa3 61. Nc6 Rb3 62. Kg3 Kd5 63. Ne7+ Kd6 64. Nf5+ Ke6
65. Nh4 Rxb4 66. Ng2 Kf5 0-1

[Event "Keres memorial (w)"]
[Site "Tallinn"]
[Date "2001.01.06"]
[Round "3"]
[White "Reizniece, Dana"]
[Black "Paernpuu, Leili"]
[Result "1/2-1/2"]
[WhiteElo "2275"]
[BlackElo "2227"]
[PlyCount "47"]
[EventDate "2001.01.06"]

1. c4 e5 2. Nc3 Nc6 3. g3 g6 4. Bg2 Bg7 5. d3 d6 6. Rb1 a5 7. a3 f5 8. e3 Nf6
9. Nge2 O-O 10. O-O Be6 11. Nd5 Qd7 12. b4 axb4 13. axb4 Nd8 14. Bb2 Nxd5 15.
cxd5 Bf7 16. Ra1 Rxa1 17. Bxa1 c6 18. dxc6 Nxc6 19. Qa4 Be6 20. b5 Ne7 21. f4
Nd5 22. Bxd5 Bxd5 23. e4 Be6 24. Rc1 1/2-1/2

[Event "Keres memorial (w)"]
[Site "Tallinn"]
[Date "2001.01.06"]
[Round "3"]
[White "Cmilyte, Viktorija"]
[Black "Tsiganova, Monika"]
[Result "1-0"]
[WhiteElo "2335"]
[BlackElo "2225"]
[PlyCount "83"]
[EventDate "2001.01.06"]

1. e4 c6 2. d4 d5 3. e5 Bf5 4. Be2 e6 5. Nf3 Ne7 6. c3 Nd7 7. Nh4 c5 8. Na3 a6
9. O-O Bg6 10. Bg5 Qb6 11. Qd2 cxd4 12. cxd4 Nc6 13. Nxg6 hxg6 14. Nc2 f6 15.
Be3 Kf7 16. Bd3 Rc8 17. Rab1 Nb4 18. Nxb4 Bxb4 19. Qd1 f5 20. Qa4 Nb8 21. f4
Nc6 22. a3 Be7 23. h3 g5 24. fxg5 g6 25. Rf3 Kg7 26. Kh1 Rh5 27. Qd1 Bxg5 28.
Rg3 Kf7 29. Bxg5 Qxd4 30. Be2 Rxg5 31. Rxg5 Qe3 32. h4 Rh8 33. Bh5 Nxe5 34. Qe1
Qd4 35. Rd1 Nd3 36. Rxd3 Qxd3 37. Rxg6 Kf8 38. Qxe6 Qf1+ 39. Kh2 Qf4+ 40. Kh3
Qd4 41. Rf6+ Kg7 42. Qf7# 1-0

[Event "Keres memorial (w)"]
[Site "Tallinn"]
[Date "2001.01.06"]
[Round "3"]
[White "Voronova, Tatjana"]
[Black "Budylina, Sofia"]
[Result "1-0"]
[WhiteElo "2278"]
[BlackElo "2076"]
[PlyCount "77"]
[EventDate "2001.01.06"]

1. e4 c5 2. Nf3 e6 3. b3 Nc6 4. Bb5 d6 5. Bxc6+ bxc6 6. O-O Nf6 7. Qe2 a5 8. e5
Nd5 9. Bb2 Ba6 10. d3 a4 11. exd6 Bxd6 12. Nbd2 Rg8 13. Ne4 Be7 14. Ne5 Qc7 15.
c4 Nf6 16. Ng5 Rf8 17. Rfe1 h6 18. Ne4 Bb7 19. Bc3 Bd6 20. Nxd6+ Qxd6 21. h3
Ke7 22. Reb1 Rfb8 23. Qf3 a3 24. Re1 Rf8 25. Rab1 Rab8 26. Re2 Nh7 27. Rbe1 Ng5
28. Qg3 Rg8 29. f4 Nh7 30. Qf3 g6 31. Ng4 h5 32. Nh6 Rgd8 33. Be5 Qd7 34. f5
gxf5 35. Bxb8 Rxb8 36. Nxf5+ Kd8 37. Qg3 Ra8 38. Qg8+ Kc7 39. Qxh7 1-0

[Event "Keres memorial (w)"]
[Site "Tallinn"]
[Date "2001.01.07"]
[Round "4"]
[White "Fomina, Tatjana"]
[Black "Voronova, Tatjana"]
[Result "1/2-1/2"]
[WhiteElo "2266"]
[BlackElo "2278"]
[PlyCount "54"]
[EventDate "2001.01.06"]

1. e4 e6 2. Nf3 d5 3. Nc3 Nf6 4. e5 Nfd7 5. d4 c5 6. Bb5 Nc6 7. Be3 a6 8. Bxc6
bxc6 9. dxc5 Nxc5 10. O-O h6 11. Nd4 Qc7 12. f4 Rb8 13. f5 exf5 14. Nxf5 Bxf5
15. Rxf5 Ne6 16. Qd3 g6 17. Rf3 Bg7 18. Raf1 Rf8 19. Ne2 Bxe5 20. Nf4 Nxf4 21.
Bxf4 Bxf4 22. Rxf4 f5 23. c4 Rd8 24. cxd5 Rxd5 25. Qxa6 Kd7 26. Rc4 Rb8 27. b3
Qb6+ 1/2-1/2

[Event "Keres memorial (w)"]
[Site "Tallinn"]
[Date "2001.01.07"]
[Round "4"]
[White "Tsiganova, Monika"]
[Black "Bashkite, Viktorija"]
[Result "1-0"]
[WhiteElo "2225"]
[BlackElo "2052"]
[PlyCount "41"]
[EventDate "2001.01.06"]

1. d4 Nf6 2. c4 e5 3. dxe5 Ng4 4. e3 Nxe5 5. Nh3 Bb4+ 6. Nd2 d6 7. Nf4 Nbc6 8.
Be2 Ng6 9. Nd5 O-O 10. O-O Bxd2 11. Bxd2 Nce7 12. Bc3 Nf5 13. e4 Nfh4 14. Qd4
Ne5 15. f4 c5 16. Qf2 Ng4 17. Qg3 f5 18. h3 h5 19. hxg4 hxg4 20. Nf6+ Rxf6 21.
Qxh4 1-0

[Event "Keres memorial (w)"]
[Site "Tallinn"]
[Date "2001.01.07"]
[Round "4"]
[White "Reizniece, Dana"]
[Black "Cmilyte, Viktorija"]
[Result "0-1"]
[WhiteElo "2275"]
[BlackElo "2335"]
[PlyCount "76"]
[EventDate "2001.01.06"]

1. c4 e5 2. Nc3 Bb4 3. Nd5 Be7 4. d4 d6 5. g3 Nc6 6. Nxe7 Qxe7 7. d5 Nd8 8. Bg2
f5 9. Nf3 Nf6 10. O-O O-O 11. a3 a5 12. b3 c5 13. dxc6 bxc6 14. Bb2 Nf7 15. Qc2
Ne4 16. Rad1 Be6 17. Nd2 d5 18. Nxe4 dxe4 19. f4 Qc5+ 20. Kh1 a4 21. fxe5 axb3
22. Qxb3 Rab8 23. Qc3 Qxc4 24. g4 Qxe2 25. Rd2 Qxg4 26. Qxc6 Qg6 27. Rg1 Rfc8
28. Qa6 Bc4 29. Qa5 e3 30. Rc2 f4 31. Rxc4 Rxc4 32. Bd5 Qb6 33. Qxb6 Rxb6 34.
Bxc4 Rxb2 35. e6 Kf8 36. exf7 Rc2 37. Bd3 Rd2 38. Bxh7 Kxf7 0-1

[Event "Keres memorial (w)"]
[Site "Tallinn"]
[Date "2001.01.07"]
[Round "5"]
[White "Cmilyte, Viktorija"]
[Black "Paernpuu, Leili"]
[Result "1-0"]
[WhiteElo "2335"]
[BlackElo "2227"]
[PlyCount "118"]
[EventDate "2001.01.06"]

1. d4 e6 2. c4 f5 3. g3 Nf6 4. Bg2 c6 5. Nf3 d5 6. O-O Bd6 7. Bf4 Bxf4 8. gxf4
O-O 9. e3 b6 10. Nbd2 Bb7 11. Qc2 Qe7 12. Ne5 Rc8 13. c5 Nbd7 14. b4 Ne4 15.
Ndf3 Ndf6 16. Nd3 Ba6 17. Nfe5 Nd7 18. Rfc1 Bxd3 19. Qxd3 b5 20. a4 a6 21. axb5
cxb5 22. Ra5 Nb8 23. Rca1 Ra7 24. Qa3 Rb7 25. Qb2 Nf6 26. Bf3 Nfd7 27. Nd3 Rc6
28. Qa2 Nf6 29. Ne5 Rc8 30. Kh1 Kh8 31. Rg1 Nfd7 32. Rg3 Nxe5 33. fxe5 Nc6 34.
Rxa6 Nxb4 35. Ra8 Qc7 36. Rxc8+ Qxc8 37. Qb2 Nc6 38. Rg1 g6 39. Ra1 Qc7 40. Ra6
Kg7 41. Be2 Na5 42. Qb4 Nc6 43. Qb3 Na5 44. Qa2 Nc6 45. Qb2 b4 46. Bd1 Kf7 47.
Ra4 Ra7 48. Bb3 Rb7 49. Qa2 Ra7 50. Kg2 Qe7 51. Rxa7 Qxa7 52. Bxd5 Qxa2 53.
Bxa2 Na5 54. Kf1 b3 55. Bb1 Nc4 56. Ke2 Na3 57. Bd3 b2 58. Kf3 b1=Q 59. Bxb1
Nxb1 1-0

[Event "Keres memorial (w)"]
[Site "Tallinn"]
[Date "2001.01.07"]
[Round "5"]
[White "Bashkite, Viktorija"]
[Black "Reizniece, Dana"]
[Result "0-1"]
[WhiteElo "2052"]
[BlackElo "2275"]
[PlyCount "60"]
[EventDate "2001.01.06"]

1. Nf3 Nf6 2. g3 g6 3. b3 Bg7 4. Bb2 O-O 5. d4 b6 6. Bg2 Bb7 7. O-O c5 8. dxc5
bxc5 9. c4 Nc6 10. Ne5 Qc7 11. Nd3 d6 12. Nc3 Nd4 13. Nd5 Nxd5 14. cxd5 e5 15.
dxe6 fxe6 16. Nf4 Bxg2 17. Kxg2 Qc6+ 18. f3 Rae8 19. Rc1 Nxf3 20. exf3 Bxb2 21.
Rc2 Bg7 22. Re2 Be5 23. Nd3 Bd4 24. Qd2 e5 25. h4 Rf6 26. h5 Ref8 27. Re4 Rxf3
28. Rxf3 Qxe4 29. Ne1 d5 30. hxg6 hxg6 0-1

[Event "Keres memorial (w)"]
[Site "Tallinn"]
[Date "2001.01.07"]
[Round "5"]
[White "Voronova, Tatjana"]
[Black "Tsiganova, Monika"]
[Result "1/2-1/2"]
[WhiteElo "2278"]
[BlackElo "2225"]
[PlyCount "35"]
[EventDate "2001.01.06"]

1. e4 c5 2. Nf3 a6 3. c3 e6 4. d4 Qc7 5. Bd3 d6 6. O-O Nf6 7. Qe2 e5 8. dxe5
dxe5 9. a4 Bg4 10. Na3 Nc6 11. Nc4 Rd8 12. a5 Be7 13. Bg5 O-O 14. Bxf6 Bxf6 15.
Rfd1 Be6 16. Nfd2 g6 17. Nb3 Be7 18. Bc2 1/2-1/2

[Event "Keres memorial (w)"]
[Site "Tallinn"]
[Date "2001.01.07"]
[Round "6"]
[White "Paernpuu, Leili"]
[Black "Fomina, Tatjana"]
[Result "1-0"]
[WhiteElo "2227"]
[BlackElo "2266"]
[PlyCount "77"]
[EventDate "2001.01.06"]

1. d4 d5 2. Nf3 Nc6 3. c4 Bg4 4. e3 e6 5. Nc3 Bb4 6. a3 Bxc3+ 7. bxc3 Nf6 8.
cxd5 exd5 9. Be2 O-O 10. O-O Ne4 11. Qc2 Na5 12. h3 Bxf3 13. Bxf3 Re8 14. Bxe4
Rxe4 15. f3 Re6 16. e4 Nc4 17. e5 c5 18. f4 cxd4 19. cxd4 Qb6 20. Qd3 Rae8 21.
Kh1 f5 22. Rb1 Qa6 23. Qxf5 Ne3 24. Bxe3 Qxa3 25. Rf3 b6 26. Qc2 Qa6 27. Qb3
Qb7 28. f5 R6e7 29. Bg5 Rc7 30. f6 gxf6 31. Bxf6 Rec8 32. Rg3+ Kf7 33. Rf1 Rc1
34. Rg7+ Ke6 35. Rxb7 Rxf1+ 36. Kh2 Rcc1 37. Re7+ Kf5 38. Qd3+ Kf4 39. g3# 1-0

[Event "Keres memorial (w)"]
[Site "Tallinn"]
[Date "2001.01.07"]
[Round "6"]
[White "Reizniece, Dana"]
[Black "Voronova, Tatjana"]
[Result "1/2-1/2"]
[WhiteElo "2275"]
[BlackElo "2278"]
[PlyCount "23"]
[EventDate "2001.01.06"]

1. c4 g6 2. Nc3 Bg7 3. g3 c5 4. Bg2 Nc6 5. Nf3 Nh6 6. O-O O-O 7. d3 Nf5 8. Rb1
h6 9. a3 Kh7 10. Bd2 a5 11. Ne1 e6 12. Nc2 1/2-1/2

[Event "Keres memorial (w)"]
[Site "Tallinn"]
[Date "2001.01.07"]
[Round "7"]
[White "Bashkite, Viktorija"]
[Black "Paernpuu, Leili"]
[Result "0-1"]
[WhiteElo "2052"]
[BlackElo "2227"]
[PlyCount "74"]
[EventDate "2001.01.06"]

1. Nf3 c5 2. b3 Nf6 3. Bb2 d5 4. e3 Nc6 5. Bb5 Bd7 6. O-O g6 7. d3 Bg7 8. Nbd2
O-O 9. Bxc6 Bxc6 10. Ne5 Qc7 11. f4 e6 12. Ndf3 Ne8 13. Qd2 b6 14. Rae1 Bb7 15.
Qf2 f6 16. Qh4 fxe5 17. Ng5 Bf6 18. Bxe5 Bxg5 19. Qxg5 Qd8 20. Qh6 Nf6 21. Rf3
Qe7 22. Rg3 Rf7 23. h4 Rg7 24. Kf2 Rf8 25. Rh1 Rff7 26. h5 Nxh5 27. Bxg7 Rxg7
28. Rg5 d4 29. Rf1 dxe3+ 30. Kxe3 Qd6 31. g4 Qd4+ 32. Kd2 Ng3 33. Qh3 Nxf1+ 34.
Qxf1 h6 35. Re5 Rf7 36. Re3 Qxf4 37. Qe1 Qf2+ 0-1

[Event "Keres memorial (w)"]
[Site "Tallinn"]
[Date "2001.01.07"]
[Round "7"]
[White "Budylina, Sofia"]
[Black "Reizniece, Dana"]
[Result "0-1"]
[WhiteElo "2076"]
[BlackElo "2275"]
[PlyCount "74"]
[EventDate "2001.01.06"]

1. e4 d6 2. d4 Nf6 3. Nc3 g6 4. f4 Bg7 5. Nf3 O-O 6. Be2 c5 7. O-O cxd4 8. Nxd4
Qb6 9. Be3 Qxb2 10. Ncb5 Nxe4 11. Nc7 Nc3 12. Qd2 Bxd4 13. Nxa8 Bxe3+ 14. Qxe3
Nxe2+ 15. Qxe2 Nc6 16. Qf2 Be6 17. Rfb1 Qc3 18. Nc7 Nd4 19. Nxe6 fxe6 20. Rd1
Rxf4 21. Qd2 Qc5 22. Kh1 Qf5 23. g3 Rf2 24. Qxf2 Qxf2 25. Rf1 Qxc2 26. h4 Qe4+
27. Kh2 Nf3+ 28. Kh3 d5 29. Rad1 d4 30. Rf2 d3 31. Rdf1 d2 32. Rxf3 Qxf3 33.
Rxf3 d1=Q 34. Kg2 e5 35. Rf2 e4 36. Rf4 e3 37. Re4 Qd2+ 0-1

[Event "Keres memorial (w)"]
[Site "Tallinn"]
[Date "2001.01.07"]
[Round "7"]
[White "Fomina, Tatjana"]
[Black "Tsiganova, Monika"]
[Result "1-0"]
[WhiteElo "2266"]
[BlackElo "2225"]
[PlyCount "127"]
[EventDate "2001.01.06"]

1. d4 Nf6 2. Nc3 d5 3. Bg5 Nbd7 4. e3 g6 5. Bd3 Bg7 6. Qf3 c6 7. Nge2 b5 8. a3
O-O 9. e4 dxe4 10. Nxe4 Nd5 11. c4 bxc4 12. Bxc4 h6 13. Bd2 N7b6 14. Bd3 Nc7
15. Rc1 Be6 16. O-O Bd5 17. Qg3 Ne6 18. N4c3 Bb3 19. Qh4 g5 20. Qe4 f5 21. Qxc6
Nxd4 22. Nxd4 Qxd4 23. Qb5 Bc4 24. Bxc4+ Qxc4 25. Qa5 Qb3 26. Be3 Qxb2 27. Nd5
Qe5 28. Rfd1 Rfd8 29. Rc5 f4 30. Bd4 Rxd5 31. Rxd5 Qxd5 32. Qxd5+ Nxd5 33. Bxg7
Kxg7 34. Rxd5 Kf6 35. Kf1 Rb8 36. Ra5 Rb1+ 37. Ke2 Rb2+ 38. Kf3 Rb3+ 39. Ke4
Rb7 40. g3 fxg3 41. hxg3 e6 42. f4 g4 43. Rh5 Kg6 44. Re5 Rb6 45. Ra5 Rb3 46.
Rxa7 Rxg3 47. Ra6 Kf6 48. f5 Rg1 49. Rxe6+ Kg7 50. Rg6+ Kh7 51. Ra6 h5 52. Kf4
g3 53. Kg5 Rd1 54. Ra7+ Kg8 55. Kg6 Kf8 56. f6 Rd8 57. Rh7 Ke8 58. Rh8+ Kd7 59.
Rxd8+ Kxd8 60. f7 Ke7 61. Kg7 g2 62. f8=Q+ Ke6 63. Qf2 h4 64. Qxg2 1-0